Detalles MARC
| 000 -LEADER |
| fixed length control field |
01950nam a22006017a 4500 |
| 003 - CONTROL NUMBER IDENTIFIER |
| control field |
OSt |
| 005 - DATE AND TIME OF LATEST TRANSACTION |
| control field |
20260505115840.0 |
| 007 - PHYSICAL DESCRIPTION FIXED FIELD--GENERAL INFORMATION |
| fixed length control field |
ta |
| 008 - FIXED-LENGTH DATA ELEMENTS--GENERAL INFORMATION |
| fixed length control field |
260505s2025 ag ||||| |||| 00| 0 spa d |
| 020 ## - INTERNATIONAL STANDARD BOOK NUMBER |
| International Standard Book Number |
9789877453461 |
| 040 ## - CATALOGING SOURCE |
| Transcribing agency |
cj catamarca |
| 082 ## - DEWEY DECIMAL CLASSIFICATION NUMBER |
| Classification number |
342.7 F274 |
| 100 10 - MAIN ENTRY--PERSONAL NAME |
| 9 (RLIN) |
325 |
| Personal name |
Favier Dubois, Eduardo M. |
| Relator term |
dir. |
| 245 10 - TITLE STATEMENT |
| Title |
Proteccion legal de los mayores: |
| Remainder of title |
Acciones y defensas judiciales |
| 250 ## - EDITION STATEMENT |
| Edition statement |
1º ed. |
| 260 ## - PUBLICATION, DISTRIBUTION, ETC. |
| Place of publication, distribution, etc. |
Buenos Aires: |
| Name of publisher, distributor, etc. |
Ad-Hoc, |
| Date of publication, distribution, etc. |
2025 |
| 300 ## - PHYSICAL DESCRIPTION |
| Extent |
702 p. |
| Dimensions |
23 cm |
| 490 ## - SERIES STATEMENT |
| Series statement |
Derecho y longevidad |
| Volume/sequential designation |
2 |
| 500 ## - GENERAL NOTE |
| General note |
INVENTARIO Nº 8168 |
| 650 #7 - SUBJECT ADDED ENTRY--TOPICAL TERM |
| Source of heading or term |
SAIJ |
| 653 ## - INDEX TERM--UNCONTROLLED |
| Uncontrolled term |
DERECHO CONSTITUCIONAL |
| 653 ## - INDEX TERM--UNCONTROLLED |
| Uncontrolled term |
ADULTOS MAYORES-PROTECCION |
| 653 ## - INDEX TERM--UNCONTROLLED |
| Uncontrolled term |
VEJEZ-DERECHO |
| 653 ## - INDEX TERM--UNCONTROLLED |
| Uncontrolled term |
ADULTO MAYOR-CIDH |
| 653 ## - INDEX TERM--UNCONTROLLED |
| Uncontrolled term |
DISCRIMINACION-TRABAJO-EDAD |
| 653 ## - INDEX TERM--UNCONTROLLED |
| Uncontrolled term |
JUBILACION FORZOSA |
| 653 ## - INDEX TERM--UNCONTROLLED |
| Uncontrolled term |
CASO "COSANI" |
| 653 ## - INDEX TERM--UNCONTROLLED |
| Uncontrolled term |
ADULTOS MAYORES-CAPACIDAD |
| 653 ## - INDEX TERM--UNCONTROLLED |
| Uncontrolled term |
CONFLICTO FAMILIAR |
| 653 ## - INDEX TERM--UNCONTROLLED |
| Uncontrolled term |
CONTACTO-ABUELO-NIETO |
| 653 ## - INDEX TERM--UNCONTROLLED |
| Uncontrolled term |
PROTECCION VIVIENDA |
| 653 ## - INDEX TERM--UNCONTROLLED |
| Uncontrolled term |
ADULTO MAYOR-VIOLENCIA |
| 653 ## - INDEX TERM--UNCONTROLLED |
| Uncontrolled term |
REVOCACION-TESTAMENTO |
| 653 ## - INDEX TERM--UNCONTROLLED |
| Uncontrolled term |
REVOCACION-DESHEREDACION |
| 653 ## - INDEX TERM--UNCONTROLLED |
| Uncontrolled term |
REVOCACION-DONACION |
| 653 ## - INDEX TERM--UNCONTROLLED |
| Uncontrolled term |
MAYORES-CONTRATO DIGITAL |
| 653 ## - INDEX TERM--UNCONTROLLED |
| Uncontrolled term |
ADULTO MAYOR-CONSUMIDOR |
| 653 ## - INDEX TERM--UNCONTROLLED |
| Uncontrolled term |
ADULTO MAYOR-INSOLVENCIA |
| 653 ## - INDEX TERM--UNCONTROLLED |
| Uncontrolled term |
ADULTO MAYOR-HIPERVULNERABILIDAD |
| 653 ## - INDEX TERM--UNCONTROLLED |
| Uncontrolled term |
ADULTO MAYOR-DERECHO A LA SALUD |
| 653 ## - INDEX TERM--UNCONTROLLED |
| Uncontrolled term |
AMPARO EN SALUD |
| 653 ## - INDEX TERM--UNCONTROLLED |
| Uncontrolled term |
PREVISION SOCIAL-DEMANDA |
| 653 ## - INDEX TERM--UNCONTROLLED |
| Uncontrolled term |
PREVISION SOCIAL-RECLAMO |
| 653 ## - INDEX TERM--UNCONTROLLED |
| Uncontrolled term |
PERSONA MAYOR-INTERNACION |
| 653 ## - INDEX TERM--UNCONTROLLED |
| Uncontrolled term |
PERSONA MAYOR-ALOJAMIENTO VOLUNTARIO |
| 653 ## - INDEX TERM--UNCONTROLLED |
| Uncontrolled term |
PERSONA MAYOR-RESIDENCIA |
| 653 ## - INDEX TERM--UNCONTROLLED |
| Uncontrolled term |
PERSONA MAYOR-INTERNACION FORZADA |
| 653 ## - INDEX TERM--UNCONTROLLED |
| Uncontrolled term |
PERSONA MAYOR-INTERNACION DOMICILIARIA |
| 653 ## - INDEX TERM--UNCONTROLLED |
| Uncontrolled term |
PERSONA MAYOR-ACCESO A LA JUSTICIA |
| 700 10 - ADDED ENTRY--PERSONAL NAME |
| 9 (RLIN) |
326 |
| Personal name |
Muntaner, Maria Fernanda L. |
| Relator term |
coord. |
| 856 ## - ELECTRONIC LOCATION AND ACCESS |
| Uniform Resource Identifier |
<a href="https://drive.google.com/file/d/1iGSVyimYXblhva5sMN3OEkVoFygz4tGB/view?usp=sharing">https://drive.google.com/file/d/1iGSVyimYXblhva5sMN3OEkVoFygz4tGB/view?usp=sharing</a> |
| 942 ## - ADDED ENTRY ELEMENTS (KOHA) |
| Source of classification or shelving scheme |
Dewey Decimal Classification |
| Koha item type |
Book |
| Suppress in OPAC |
No |